[Event "AUT-ch Open 2020"]
[Site "Graz"]
[Date "2020.02.17"]
[Round "4.4"]
[White "Niedbala, Bartlomiej"]
[Black "Milikow, Elie"]
[Result "1/2-1/2"]
[WhiteElo "2432"]
[BlackElo "2208"]
[Annotator "TA"]
[PlyCount "85"]
[EventDate "2020.02.14"]
[EventType "swiss"]
[EventCountry "AUT"]
[SourceTitle "playchess.com"]
[Source "ChessBase"]
[SourceQuality "1"]

{[%evp 9,85,-26,-25,-27,-24,-67,-25,-20,0,0,0,-6,0,0,0,0,0,0,0,16,15,13,20,-13,8,0,0,0,0,0,27,0,58,0,56,37,170,165,180,153,141,0,23,57,6,52,48,55,122,106,138,63,80,58,55,50,87,21,49,0,91,74,103,33,47,35,32,32,105,-7,0,0,71,-14,80,-34,143,65]} 1. d4 Nf6 2. c3 g6 3. Nf3 Bg7 4. Bf4 O-O 5. Qc1 d6 6. Bh6 {A48: 1 d4 Nf6 2 Nf3 g6: Torre, London and Colle Systems.} Bg4 7. h4 {[#]} Bxf3 $146 ({Predecessor:} 7... Nbd7 8. Bxg7 Kxg7 9. Qf4 e5 10. dxe5 dxe5 11. Nxe5 Nxe5 12. Qxe5 Re8 13. Qd4 Qxd4 14. cxd4 {½-½ (58) Burdio Gracia,D (2120)-Van Gelder,J Zalaegerszeg 1988}) 8. gxf3 {Black has an edge.} e5 9. dxe5 dxe5 10. Bg5 h5 11. Nd2 Nbd7 12. Bh3 Qe8 13. Qc2 Nb6 14. O-O-O Nh7 15. Be3 {White wants to play Bc5.} Qc6 16. Qe4 Qb5 17. c4 Qa6 18. Kb1 Rad8 19. Qc2 Rfe8 (19... e4 $5) 20. b3 Nf6 (20... Nd7 $11) 21. Bg5 (21. Ne4 $14) 21... Rd4 (21... Nbd7 $11) 22. e3 Rd6 (22... Rdd8 $1 $14) 23. c5 $18 Nfd5 {...Nb4 is the strong threat.} 24. cxd6 Nb4 25. d7 (25. Bf1 $16 Qa5 26. d7 (26. Qxc7 Qxa2+ 27. Kc1 Rc8 28. Re1 Rxc7+ 29. Kd1 N6d5 30. dxc7 Nc3+ 31. Kc1 Qc2#)) 25... Nxd7 $1 $11 26. Bf1 (26. Bxd7 Nxc2 27. Kxc2 (27. Bxe8 Nb4 28. Bxf7+ Kxf7 29. a4 Qd3+ 30. Kb2 Qc2+ 31. Ka3 Bf8 32. Be7 Bxe7 33. Ra1 Nd5+ 34. b4 Bxb4#) 27... e4 $17) 26... b5 $1 $132 {[%mdl 2048] Black is not keeping still} 27. Bxb5 $1 (27. Qb2 $2 e4 $19) 27... Qxb5 28. a4 (28. Qxc7 Qd3+ 29. Kc1 e4 30. Rdg1 Bc3 31. Qxc3 Qxc3+ 32. Kd1 exf3 33. Nxf3 Qc2+ $1 {[%mdl 512]} 34. Ke1 Nd3+ 35. Kf1 Qxf2#) 28... Qb7 (28... Qa5 $14 29. Nc4 Qc5) 29. Qc4 $16 Nd5 {intending ...N7b6.} 30. e4 ({Better is} 30. Rc1 $16) 30... N7b6 31. Qc2 $1 Nb4 $1 {[%cal Rb4c2]} 32. Qc3 Nc6 33. Ka2 (33. Rc1 $16 Re6 34. Ka2) 33... Nd4 34. Be3 Qa6 (34... c5 $11 {keeps the balance.}) 35. Nc4 $1 (35. Qxc7 $2 Rc8 $19) 35... Re6 36. Nxb6 (36. Nb2 $16) 36... axb6 $14 37. Bxd4 (37. f4 {seems wilder.} b5 38. Qd3 bxa4 39. Qxa6 axb3+ 40. Kb2) 37... exd4 38. Qd3 (38. Qxc7 Qe2+ 39. Kb1 d3 $17) 38... Qa5 {[#]} (38... Qa8 $14) 39. Qd2 (39. f4 $1 $16) 39... Qa6 (39... Qc5 $11 {remains equal.}) 40. Qd3 $16 Qa5 {[#]} 41. Rhg1 (41. f4 $1 $16) 41... Bh6 (41... Qe5 $11) 42. Kb2 ({White should try} 42. Qxd4 $16 {Hoping for Qc4.} Rd6 43. Qb2) 42... Re8 $2 (42... Rc6 $15 {stays ahead.} 43. Ka3 (43. Qxd4 $2 Bg7 $19) 43... Bf8+ 44. Kb2 (44. Ka2 b5 $11) 44... Rc3 45. Qxd4 Bg7) 43. Qb5 {Accuracy: White = 53%, Black = 54%.} (43. Qc4 $16 Bg7 44. Rd3 (44. Qxc7 Bf6 $16)) 1/2-1/2

[Event "AUT-ch Open 2020"]
[Site "Graz"]
[Date "2020.02.17"]
[Round "4.5"]
[White "Gajek, Radoslaw"]
[Black "Shengelia, David"]
[Result "1-0"]
[WhiteElo "2438"]
[BlackElo "2557"]
[Annotator "TA"]
[PlyCount "27"]
[EventDate "2020.02.14"]
[EventType "swiss"]
[EventCountry "AUT"]
[SourceTitle "playchess.com"]
[Source "ChessBase"]
[SourceQuality "1"]

{[%evp 11,79,30,30,30,18,8,24,6,37,35,32,27,51,34,108,110,179,156,233,248,238,128,126,24,570,476,926,952,2314,862,891,847,805,660,658,658,660,637,660,524,656,619,651,659,659,658,654,626,654,640,684,642,651,613,775,750,1247,1227,4729,3080,2519,2197,29988,29989,29989,29990,29995,29996,29997,29998]} 1. e4 c5 2. Nf3 e6 3. d4 cxd4 4. Nxd4 Nc6 5. Nc3 a6 6. Be3 Nf6 7. Qf3 {B46: Sicilian: Taimanov: 5 Nc3 a6.} Bb4 8. Bd3 {[#]} Ne5 $146 ({Predecessor:} 8... Qc7 9. Nxc6 bxc6 10. O-O O-O 11. Na4 Rb8 12. c4 Bd6 13. Qh3 Bf4 14. Rae1 Bxe3 15. Rxe3 {0-1 (70) Alvir,A (2295)-Kurajica,B (2480) Cetinje 1990}) 9. Qg3 $1 {[%cal Rg3e5] White has an edge.} Nxd3+ 10. cxd3 O-O 11. O-O d6 12. Bg5 Kh8 (12... Nh5 $14 13. Qh4 (13. Bxd8 Nxg3 14. hxg3 Rxd8 $11) 13... f6) 13. Qh4 $16 h6 (13... Bxc3 $16 {is a better defense.} 14. bxc3 e5) 14. Nc2 {Played: Nd4-f5} 1-0

[Event "AUT-ch Open 2020"]
[Site "Graz"]
[Date "2020.02.17"]
[Round "4.5"]
[White "Drnovsek, Gal"]
[Black "Bauer, Thomas"]
[Result "1-0"]
[WhiteElo "2390"]
[BlackElo "2201"]
[Annotator "TA"]
[PlyCount "29"]
[EventDate "2020.02.14"]
[EventType "swiss"]
[EventCountry "AUT"]
[SourceTitle "playchess.com"]
[Source "ChessBase"]
[SourceQuality "1"]

{[%evp 10,29,8,10,0,20,25,23,33,17,155,146,146,82,158,153,383,365,592,557,566,570]} 1. c4 e5 2. g3 Nf6 3. Bg2 d5 4. cxd5 Nxd5 5. Nc3 Nb6 6. e3 Nc6 {A22: English Opening: 1...e5 2 Nc3 Nf6.} 7. Nge2 Be6 {Recently 7...h5 got a lot of attention.} 8. d4 exd4 {White has an edge.} 9. exd4 Nd5 (9... Bb4 $11 {remains equal.}) 10. O-O $16 {Threatens to win with Re1.} Be7 {[#]} 11. Nf4 (11. Re1 $142 $1) 11... Nxc3 {[#]} ({Black should play} 11... Nxf4 12. Bxf4 Nxd4) 12. bxc3 $146 ({Predecessor:} 12. Nxe6 Nxd1 13. Nxd8 Rxd8 14. Bxc6+ bxc6 15. Rxd1 Rd5 16. Be3 Bf6 17. Rac1 Kd7 18. Rc4 {½-½ (45) Sahidi,S (2216)-Staffen,R (2040) Banska Stiavnica 2016}) 12... Bc4 $2 (12... Bd7 $16 13. Rb1 Rb8) 13. Re1 $18 {Hoping for Bxc6+.} Qd6 $2 (13... O-O 14. Qa4 {[%mdl 64] Double Attack} b5) 14. Qa4 b5 15. Qa6 1-0

[Event "AUT-ch Open 2020"]
[Site "Graz"]
[Date "2020.02.17"]
[Round "4.6"]
[White "Martinez Alcantara, Jose Eduardo"]
[Black "Schwabeneder, Florian"]
[Result "1/2-1/2"]
[WhiteElo "2617"]
[BlackElo "2412"]
[Annotator "TA"]
[PlyCount "135"]
[EventDate "2020.02.14"]
[EventType "swiss"]
[EventCountry "AUT"]
[SourceTitle "playchess.com"]
[Source "ChessBase"]
[SourceQuality "1"]

{[%evp 17,135,21,41,27,55,33,36,39,32,32,28,31,41,47,31,25,36,10,35,0,0,-7,-19,-7,20,16,10,0,22,20,37,45,49,40,54,57,66,16,35,30,8,19,90,68,156,-79,-77,-73,-78,-93,-99,-106,-99,-116,-109,-109,-16,-110,-109,-200,-189,-320,-322,-406,-181,-160,-170,-179,0,0,0,0,0,-177,-232,-391,0,0,0,0,-1,-580,-569,-29973,-29974,-5389,-131,-130,-138,-140,-154,-133,-138,-150,-170,-145,-142,-263,-263,-323,-456,-463,-16,-16,0,0,0,0,0,0,0,0,0,0,0,0,0,0,0,0]} 1. e4 c5 2. Nf3 d6 3. d4 cxd4 4. Nxd4 Nf6 5. Nc3 Nc6 6. Bg5 e6 7. Qd2 a6 8. O-O-O Bd7 9. f3 b5 10. Kb1 {B67: Sicilian: Richter-Rauzer: 7...a6 8 0-0-0 Bd7, lines without 9 f4 Be7.} Rc8 11. Nxc6 Bxc6 12. Ne2 {White is slightly better.} Be7 {next ...Nxe4 is good for Black.} 13. h4 h6 {was the old line (13...Qc7).} 14. Be3 Qc7 15. Nd4 Bb7 16. g4 Nd7 17. Be2 Ne5 18. g5 {[%cal Rg5h6]} h5 $1 {[#]} 19. Ka1 $146 ({Predecessor:} 19. g6 Nxg6 20. Rhg1 Qd7 21. Nb3 Bxh4 22. Nc5 Qe7 23. Nxb7 Qxb7 24. Qxd6 Be7 25. Qh2 Qc7 26. Qxc7 Rxc7 27. a4 bxa4 {0-1 (27) Alzola,E (2268)-Ojeda,J (2256) ICCF email 2009}) 19... g6 20. Rhe1 Nc4 21. Bxc4 $1 Qxc4 22. Nb3 Ba8 23. Bd4 e5 24. Bc3 O-O 25. a3 Rfd8 26. Qe3 d5 {Strongly threatening ...d4.} 27. exd5 Rxd5 28. Rxd5 Qxd5 29. f4 Bf8 (29... e4 $1 $11) 30. fxe5 $16 Rc4 (30... Qf3 $14) 31. Nd2 $2 (31. Nd4 $1 $16 {is necessary to keep the advantage.}) 31... Rxh4 $17 32. e6 Qxe6 33. Qf2 Rh1 34. Rxh1 Bxh1 35. Qd4 {[%csl Gc3][%cal Rd4h8] [#]} f6 $1 {[%mdl 512]} 36. gxf6 (36. Qxf6 Qxf6) 36... Bc6 ({Black should play} 36... Bd5 $1 $17 37. b3 Qf5) 37. Qd8 (37. b3 $11) 37... Kf7 38. Nb3 (38. Qc7+ $17 Qd7 39. Qf4) 38... Qd7 $19 39. Qb6 (39. Qb8 $142) 39... h4 40. Nd4 Bd5 (40... Bg2 $142 41. Nb3 Be4) 41. Qb8 h3 42. Qg3 Bg2 $2 (42... b4 $19 43. Bxb4 Bxb4 44. axb4 Kxf6) 43. Qh4 $11 Kg8 (43... Qd5 $5 44. Qh7+ $8 Kxf6 $11) 44. Qg3 Be4 $36 {[%mdl 2048] White is under pressure.} 45. Qf4 $2 {[#]} (45. b4 $1 $11) 45... Bd5 $1 $19 46. Bb4 $2 (46. b3 a5 47. Bb2) 46... Qe8 $2 ({Better is} 46... Qh7 $19 47. Qh2 Qh5) 47. b3 $1 $11 Bxb4 48. axb4 Qe4 49. Qb8+ $2 {[%mdl 8192]} (49. f7+ $1 $11 Kf8 50. Qxe4 Bxe4 51. Ne6+ Kxf7 52. Ng5+ Kf6 53. Nxe4+ Kf5 54. Nf2) 49... Kf7 $19 50. c3 Qe1+ {[%mdl 64] Double Attack} 51. Kb2 Qf2+ $2 (51... Qd2+ $19 {has better winning chances.} 52. Nc2 Be4 53. Qa7+ Kxf6 54. Qxa6+ Kg5 55. Qxb5+ Kg4) 52. Ka3 $17 {Threatens to win with Qe5.} Qxf6 53. Qc7+ Qe7 54. Qf4+ Kg7 {White must now prevent ...a5.} 55. Qg3 {[#]} Qd7 $1 56. Qe5+ Kh7 57. Qf4 (57. Qg5 $17) 57... Qe7 $19 {Hoping for ...Qe1.} 58. Qg4 Bg2 {...Qe1 is the strong threat.} 59. Ne6 Qf6 $2 (59... Kh6 $19 {And now ...a5 would win.} 60. Qe2 g5) 60. Ng5+ $11 {[%mdl 64] Double Attack. The position is equal.} Kh6 61. Nxh3 Qf1 {[%cal Rf1a1]} 62. Qh4+ Kg7 {[%cal Rf1a1]} 63. Qe7+ Kg8 {[%cal Rf1a1]} 64. Qd8+ Kg7 {[%cal Rf1a1]} 65. Qe7+ Kg8 {[%cal Rf1a1]} 66. Qe8+ Kg7 {[%cal Rf1a1]} 67. Qe5+ Kg8 {[%cal Rf1a1]} 68. Qe8+ {Accuracy: White = 62%, Black = 66%.} 1/2-1/2

[Event "AUT-ch Open 2020"]
[Site "Graz"]
[Date "2020.02.17"]
[Round "4.6"]
[White "Van den Bersselaar, Jeroen"]
[Black "Freitag, Manfred"]
[Result "0-1"]
[WhiteElo "2170"]
[BlackElo "2378"]
[Annotator "TA"]
[PlyCount "88"]
[EventDate "2020.02.14"]
[EventType "swiss"]
[EventCountry "AUT"]
[SourceTitle "playchess.com"]
[Source "ChessBase"]
[SourceQuality "1"]

{[%evp 15,88,-14,0,-16,-26,-22,-25,-17,22,-14,-11,-32,-27,-18,-17,-18,-14,-21,-8,-7,-8,-6,-3,-8,-3,-1,6,-19,0,-34,-34,-34,-50,-95,-108,-100,-102,-147,-166,-176,-175,-173,-181,-184,-180,-161,-135,-129,-126,-124,-138,-144,-143,-144,-133,-235,-237,-260,-252,-256,-231,-231,-231,-225,-231,-295,-295,-292,-269,-268,-275,-6323,-6264,-6203,-6203]} 1. d4 Nf6 2. Nf3 g6 3. Bg5 Bg7 4. Nbd2 O-O 5. c3 d5 6. e3 Nbd7 7. Bd3 Re8 8. O-O e5 9. e4 {D03: 1 d4 d5 2 Nf3 Nf6 3 Bg5, including Torre Attack with early ...d5.} exd4 10. cxd4 h6 11. Bxf6 {Black has an edge.} Qxf6 {[#]} 12. e5 $146 ({Predecessor:} 12. Re1 dxe4 13. Nxe4 Qb6 14. Bc4 Rf8 15. Qc2 Nf6 16. Ng3 Nd7 17. Re7 Qd6 18. Rae1 {½-½ (28) Pekarek,A (2455)-Watson,W (2535) Germany 1992}) 12... Qb6 13. Qb3 c6 14. a4 a5 15. Qxb6 Nxb6 16. Nh4 g5 17. Nf5 Bxf5 18. Bxf5 c5 19. dxc5 Rxe5 20. Bd3 $1 Nd7 21. Rac1 Nb8 22. Rfe1 Rxe1+ 23. Rxe1 Nc6 24. Nf3 Bxb2 25. Rb1 Nb4 26. Rxb2 {[#] Bf5 is the strong threat.} Nxd3 27. Rxb7 {next c6 is good for White.} Nxc5 $17 {[%mdl 4096] Endgame KRN-KRN} 28. Rb5 Nxa4 29. Rxd5 Nc3 30. Rc5 Ne2+ 31. Kf1 Nf4 {Threatens to win with ...a4.} 32. g3 Ne6 33. Rc3 a4 {[%cal Ba5a4,Ba4a3][%mdl 32] [#] Strongly threatening ...a3.} 34. Ra3 Kg7 35. Ne5 (35. Ke2 $17) 35... Nd4 $19 36. Nc4 Nb5 37. Ra1 a3 38. Ke2 Ra4 39. Kd3 Rb4 40. Ra2 Rb3+ 41. Kd2 Rf3 42. Ke1 Rc3 43. Nd2 $2 (43. Ne3) 43... Rc1+ 44. Ke2 Nc3+ {[%mdl 64] Double Attack. Accuracy: White = 63%, Black = 93%.} 0-1

[Event "AUT-ch Open 2020"]
[Site "Graz"]
[Date "2020.02.17"]
[Round "4.7"]
[White "Istratescu, Andrei"]
[Black "Poetz, Florian"]
[Result "1-0"]
[WhiteElo "2552"]
[BlackElo "2425"]
[Annotator "TA"]
[PlyCount "117"]
[EventDate "2020.02.14"]
[EventType "swiss"]
[EventCountry "AUT"]
[SourceTitle "playchess.com"]
[Source "ChessBase"]
[SourceQuality "1"]

{[%evp 10,117,22,18,31,19,50,38,43,43,43,50,60,46,58,56,31,30,30,23,30,30,30,11,11,11,12,14,15,15,30,30,30,23,23,23,23,16,16,16,16,16,22,16,22,0,30,0,30,30,34,30,30,0,30,30,30,0,0,0,0,0,32,16,25,30,248,117,113,104,204,61,132,117,176,152,258,242,352,342,366,354,420,419,440,364,330,264,254,212,331,311,311,278,282,275,497,537,509,492,602,629,612,585,685,679,659,646,620,593]} 1. d4 Nf6 2. Nf3 e6 3. c4 Bb4+ 4. Nbd2 O-O 5. a3 Be7 6. e4 d6 {E11: Bogo-Indian.} 7. Bd3 Nfd7 8. Nb1 $5 {[%mdl 4] Exploring less charted territory.} e5 {White is slightly better.} 9. d5 $1 Nc5 10. Bc2 $1 f5 11. exf5 Bxf5 12. Bxf5 Rxf5 13. O-O a5 14. Be3 Nbd7 15. Nc3 a4 {[#]} 16. Qe2 $146 ({Predecessor:} 16. Nd2 Bg5 17. Qg4 g6 18. Nde4 Nxe4 19. Nxe4 Bxe3 20. fxe3 Nf6 21. Nxf6+ Qxf6 22. e4 {1-0 (102) Salem,A (2630)-Petrov,N (2583) Dubai 2019}) 16... Qe8 17. Bxc5 Nxc5 18. Nd2 Qg6 19. Nce4 Nxe4 20. Nxe4 Rf4 21. f3 b6 22. Rac1 Bg5 23. Rc3 h5 24. Qc2 Rf7 25. Re1 Bh6 26. Kh1 Qf5 27. Nf2 g6 28. Re2 (28. Re4 {with more complications.} Qg5 29. Qb1 Kf8 30. Rc2 Qf5 31. Qe1) 28... Kg7 29. Rd3 Qd7 30. Rd1 Raf8 31. Qc3 Kh7 32. Kg1 Rf4 33. Re4 Rxe4 34. Nxe4 Qf5 35. h3 Qf4 36. Re1 Qh4 37. Re2 g5 $2 (37... Qf4 $11 {and Black stays safe.}) 38. Qc2 (38. g3 $1 $18 {[%cal Rg3h4]} Qxh3 39. Rh2) 38... Kg7 39. Qxa4 Rf7 (39... Qf4 $16) 40. Qb3 (40. Qd1 $18) 40... Qf4 {[#]} ({Black should try} 40... g4 $14) 41. Qe3 $1 $36 {[%mdl 2048] White is on the roll.} Kg6 (41... Qxe3+ $16 42. Rxe3 g4) 42. a4 Rf8 {[#]} (42... Qxe3+ $16 43. Rxe3 g4) 43. Qxf4 $1 $18 exf4 {[%mdl 4096] Endgame KRB-KRN} (43... Rxf4 $142 44. b4 g4) 44. Nc3 Bg7 45. Nb5 Be5 46. b4 Kf6 47. Ra2 Ke7 48. a5 bxa5 49. Rxa5 Rb8 (49... Kf6 {might work better.} 50. Ra7 (50. Nxc7 Rc8 $11) 50... g4) 50. Kf1 g4 51. hxg4 hxg4 52. fxg4 Rg8 $2 (52... Rh8 {is a better defense.} 53. Ra7 Rh1+ 54. Ke2 Kf6 55. Rxc7 (55. Nxc7 Rg1 $16) 55... Rb1) 53. Ra7 {White is clearly winning.} Rxg4 54. Rxc7+ Kf6 55. Rc6 Ke7 56. c5 f3 57. gxf3 Rxb4 58. Nxd6 Kd7 {If only Black now had time for ...Rd4....} 59. Ra6 {Accuracy: White = 83%, Black = 60%.} 1-0

[Event "AUT-ch Open 2020"]
[Site "Graz"]
[Date "2020.02.17"]
[Round "4.7"]
[White "Nolz, Tom"]
[Black "Szotkowski, Jakub"]
[Result "0-1"]
[WhiteElo "2153"]
[BlackElo "2367"]
[Annotator "TA"]
[PlyCount "74"]
[EventDate "2020.02.14"]
[EventType "swiss"]
[EventCountry "AUT"]
[SourceTitle "playchess.com"]
[Source "ChessBase"]
[SourceQuality "1"]

{[%evp 13,74,-5,0,-44,-11,-39,-30,-50,-41,-22,-33,-27,-27,-16,0,0,0,-13,-6,-14,-2,-19,7,0,0,0,0,0,0,-21,0,14,22,-27,28,25,31,24,40,0,-3,0,0,-32,0,0,0,0,0,0,0,0,312,-2437,-2359,-29979,-29980,-29996,-29997,-29997,-29998,-29998,-29999]} 1. g3 d5 2. Bg2 Nf6 3. c4 c6 4. Qc2 g6 5. Nf3 Bg7 6. O-O O-O 7. d3 Re8 8. Bg5 {A11: English Opening: 1...c6.} h6 9. Bd2 e5 10. Nc3 {[#] Black has an edge.} dxc4 $146 ({Predecessor:} 10... Na6 11. Rab1 dxc4 12. dxc4 e4 13. Ne1 Bf5 14. Be3 Ng4 15. Nd1 Bd4 16. Qc1 Qb6 {½-½ (59) Wiesmann,D (2057)-Bechynsky,J (1786) Marianske Lazne 2011}) 11. dxc4 e4 12. Ne1 $1 Bf5 {And now ...e3 would win.} 13. Qc1 Kh7 14. Nc2 Qc8 15. Ne3 Bh3 16. Qc2 Bxg2 17. Nxg2 Nbd7 {[%cal Bb8d7,Bd7e5,Be5g4][%mdl 32]} 18. Rad1 a6 19. Be3 b5 20. b3 Ne5 21. c5 Neg4 (21... Qh3 {seems wilder.} 22. Nf4 Qf5 23. f3 exf3 24. Qxf5 gxf5 25. exf3 Neg4) 22. Bd4 Ra7 23. f4 exf3 (23... e3 $142) 24. exf3 $11 Ne5 25. f4 $1 {[%cal Rf4e5]} Ned7 $1 26. f5 {Black must now prevent fxg6+.} g5 27. Rfe1 $36 {[%mdl 2048] White has some pressure.} Kg8 28. Ne4 (28. h4 {keeps more tension.} Qb8 29. Rxe8+ Nxe8 30. Qe4 gxh4 31. gxh4 Bxd4+ 32. Qxd4 Ndf6 33. Ne4) 28... Rxe4 29. Rxe4 Nxe4 30. Qxe4 {Hoping for Bxg7.} Nf6 31. Bxf6 $1 Bxf6 32. Rd6 Re7 $2 {[%mdl 8192]} (32... Kg7 $1 $11 {and Black has nothing to worry.}) 33. Qxc6 $4 {[%mdl 8192] [#]} (33. Rxc6 $2 Qd8 $17) (33. Qd3 $18 Kg7 {[#]} 34. Rxf6 $1 {[%mdl 576] Clearance} Kxf6 35. Qd6+ Kxf5 36. Qxe7) 33... Bd4+ $1 $19 {[%mdl 576] Double Attack} 34. Kh1 (34. Rxd4 Qxc6) 34... Qxf5 {[%cal Rf5f1] Black mates.} 35. Nf4 Re1+ 36. Kg2 Rg1+ 37. Kf3 g4+ {Accuracy: White = 60%, Black = 76%.} 0-1

[Event "AUT-ch Open 2020"]
[Site "Graz"]
[Date "2020.02.17"]
[Round "4.8"]
[White "Menezes, Christoph"]
[Black "Dragnev, Valentin"]
[Result "1-0"]
[WhiteElo "2549"]
[BlackElo "2549"]
[Annotator "TA"]
[PlyCount "127"]
[EventDate "2020.02.14"]
[EventType "swiss"]
[EventCountry "AUT"]
[SourceTitle "playchess.com"]
[Source "ChessBase"]
[SourceQuality "1"]

{[%evp 11,133,0,1,0,11,6,22,27,16,18,24,12,52,42,69,10,10,0,0,-37,0,0,-2,-8,-8,-6,14,12,0,12,58,64,52,56,44,59,39,0,0,0,9,6,13,0,8,8,4,25,25,0,0,0,0,0,0,0,2,-12,258,149,123,116,173,0,384,377,354,359,375,372,370,312,316,318,510,503,485,483,12838,12839,12839,12839,12841,12841,12841,12836,12837,12835,12838,12835,12837,12838,12838,12839,12839,12839,12842,12841,12841,12840,12841,12838,12838,12839,12850,12842,12842,12843,12843,12842,12842,12842,12843,12843,12843,12843,12844,12844,12845,12845,12845,12845,12845,12846]} 1. c4 c5 2. Nc3 g6 3. g3 Bg7 4. Bg2 Nc6 5. Nf3 d6 6. O-O Rb8 {6...e6 is setting a new trend. Played by Svidler in December 2019.} 7. a3 {A37: Symmetrical English vs ...g6: 4 Bg2 Bg7 5 Nf3.} a6 8. Rb1 b5 9. cxb5 {The position is equal.} axb5 10. b4 cxb4 11. axb4 Nf6 12. d4 Bf5 13. Nh4 (13. d5 $14 Bxb1 14. dxc6) 13... Bd7 $11 {[#]} 14. e3 $146 ({Predecessor:} 14. Nf3) 14... O-O 15. f4 e5 16. d5 Ne7 (16... Bg4 $6 17. Qe1 $16) 17. fxe5 dxe5 18. e4 Qb6+ 19. Kh1 Rbc8 20. Qe1 Rc4 21. Be3 Qd6 22. Bc5 Rxc5 23. bxc5 Qxc5 24. Na2 Nc8 25. Qb4 Qxb4 26. Nxb4 Nd6 27. Nc6 Re8 28. Rfe1 h5 29. Rb4 $36 {[%mdl 2048] White is pushing.} Ng4 {Hoping for ...Nf2+.} 30. Bf1 Ra8 31. Rb2 Ra3 32. Bxb5 Nxb5 33. Rxb5 {Threatens to win with Rb8+.} Ra2 34. Rb7 Rxh2+ $2 ({Black should play} 34... Bf8 $11 35. Rc1 (35. Rxd7 $2 Rxh2+ 36. Kg1 Bc5+ 37. Kf1 Rf2+ 38. Kg1 Re2+ 39. Kf1 Rf2+ 40. Kg1 Re2+ 41. Kf1 Rf2+ $19) 35... Ba3) 35. Kg1 $16 Bf8 36. Rc1 (36. Rxd7 Bc5+ 37. Kf1 Rf2+ 38. Kg1 Rc2+ 39. Re3 Nxe3 $19) 36... Bh6 (36... Re2 $16) 37. Re1 $2 ({Only move:} 37. Rc3 $18 {Black must now prevent Ng2.} Ra2 38. Rxd7) 37... Bd2 $2 {[%mdl 8192]} (37... Bf8 $1 $11 38. Rc1 (38. Rxd7 $2 Bc5+ 39. Kf1 Rf2+ 40. Kg1 Rd2+ 41. Re3 Bxe3+ 42. Kf1 Rf2+ 43. Kg1 g5 $19) 38... Rh3) 38. Nf3 $18 {[%mdl 64] [#] Double Attack} ({Weaker is} 38. Rxd7 Bxe1 39. Nf3 Bf2+ 40. Kf1 Rh1+ 41. Ke2 (41. Kg2 Rc1 $17) 41... Rb1 $11) 38... Bxe1 39. Nxh2 Nf6 40. Nxe5 Bh3 41. d6 Nxe4 {[#] ( -> ...Bf2+)} 42. Nhf3 $1 Bxg3 $2 (42... Bf2+ {is a better defense.} 43. Kh2 Nxd6) 43. d7 {White is clearly winning.} Bxd7 44. Rxd7 ({Not} 44. Nxd7 Bf4 $18) 44... Bxe5 (44... Nf6 $142 45. Rb7 Ne4 46. Nxf7 Nc5) 45. Nxe5 Ng5 46. Kg2 Kg7 47. Kg3 Kf6 48. Nf3 Ne6 49. Nd4 Nc5 50. Rd5 Ne4+ 51. Kf4 Nf2 52. Nf3 Ng4 53. Ra5 Nf2 54. Ra6+ Kg7 55. Ng5 Nd3+ 56. Ke3 Ne5 57. Ke4 Kh6 58. Nf3 Nd7 59. Ra7 f5+ 60. Kf4 Nc5 61. Re7 Nd3+ 62. Kg3 Nc5 63. Kh4 Ne4 64. Rc7 {Played: Re7-e6} 1-0

[Event "AUT-ch Open 2020"]
[Site "Graz"]
[Date "2020.02.17"]
[Round "4.8"]
[White "Tuncer, Tuna"]
[Black "Bin-Suhayl, Ieysaa"]
[Result "1/2-1/2"]
[WhiteElo "2351"]
[BlackElo "2174"]
[Annotator "TA"]
[PlyCount "40"]
[EventDate "2020.02.14"]
[EventType "swiss"]
[EventCountry "AUT"]
[SourceTitle "playchess.com"]
[Source "ChessBase"]
[SourceQuality "1"]

{[%evp 24,40,17,10,1,0,0,0,22,0,0,0,0,0,0,0,0,0,0]} 1. e4 e6 2. d4 d5 3. Nd2 Nf6 4. e5 Nfd7 5. Bd3 c5 6. c3 Nc6 7. Ne2 cxd4 8. cxd4 f6 9. exf6 Nxf6 10. Nf3 Bd6 11. O-O O-O 12. Bg5 Qb6 13. Nc3 {The position is equal.} h6 {C06: French Tarrasch: 3...Nf6 4 e5 Nfd7 5 Bd3 main lines.} 14. Bh4 Qxb2 15. Nb5 {[#]} Bf4 $146 ({Predecessor:} 15... Bb8 16. a3 a6 17. Rb1 Qa2 18. Qa4 Nd7 19. Nc3 b5 20. Bxb5 axb5 21. Qxa8 Qc4 22. Nxb5 Nb6 23. Rfc1 Nxa8 24. Rxc4 dxc4 {0-1 (24) Logar,M (1994)-Sivic,J (1936) Bled 2008}) 16. a3 a6 17. Rb1 Qa2 18. Ra1 Qb2 19. Rb1 Qa2 20. Ra1 Qb2 1/2-1/2